Taste and consumption in Ulysses /

Bibliographic Details
Main Author: Devlin, Kimberly J., 1957-
Format: Book
Language:English
Published: Dublin : National Library of Ireland, [2004]
Series:Joyce studies 2004 ; 09.
Subjects:

MARC

Tag First Indicator Second Indicator Subfields
LEADER 00000cam a2200000Ia 4500
001 in00002082621
005 20151102120745.0
008 050426s2004 ie b 000 0 eng d
020 |a 0907328466 
035 |a (OCoLC)ocm59670584 
040 |a VXX  |c VXX  |d TXA  |d UtOrBLW 
049 |a TXAM 
090 |a PR6019.O9  |b U485 2004 
100 1 |a Devlin, Kimberly J.,  |d 1957- 
245 1 0 |a Taste and consumption in Ulysses /  |c by Kimberly J. Devlin. 
264 1 |a Dublin :  |b National Library of Ireland,  |c [2004] 
264 4 |c ©2004 
300 |a 31 pages ;  |c 21 cm. 
336 |a text  |b txt  |2 rdacontent 
337 |a unmediated  |b n  |2 rdamedia 
338 |a volume  |b nc  |2 rdacarrier 
490 1 |a Joyce Studies 2004 ;  |v no. 09 
504 |a Includes bibliographical references. 
600 1 0 |a Joyce, James,  |d 1882-1941.  |t Ulysses. 
830 0 |a Joyce studies 2004 ;  |v 09. 
948 |a cataloged  |b h  |c 2005/9/2  |d c  |e jgreene  |f 5:28:37 pm 
994 |a C0  |b TXA 
999 |a MARS 
999 f f |s 388f4b84-ae09-362e-8010-a22f6bab4152  |i 26146ad7-2531-3ee0-80a4-d2233bfd907c  |t 0 
952 f f |p normal  |a Texas A&M University  |b College Station  |c Sterling C. Evans Library  |d Evans: Library Stacks  |t 0  |e PR6019.O9 U485 2004  |h Library of Congress classification  |i unmediated -- volume  |m A14832955694 
998 f f |a PR6019.O9 U485 2004  |t 0  |l Evans: Library Stacks